000 01142nam a22002777a 4500
001 121711
008 231103s2023 xxk|||||o|||| 00| 0 eng d
020 _a9781783215089
041 _aeng
100 _aYam, Seabook
110 _aRoyal Institution of Chartered Surveyors
245 _aDecarbonising the built environment in Hong Kong
_bHow can Hong Kong reach its decarbonisation goals?
_h[Electronic resource]
260 _aLondon,
_bRoyal Institution of Chartered Surveyors,
_cNovember 2023
300 _a17p.
490 _aRICS Policy Paper
520 _aThis paper explores the current status of decarbonisation efforts in Hong Kong’s building sector, highlighting progress made, the upcoming challenges and outlining solutions.
650 _aCLIMATE CHANGE
650 _aNET ZERO
650 _aDECARBONISATION
651 _aHong Kong
690 _96238
_aEnvironment
690 _96307
_aBuilt Environment
710 _aRoyal Institution of Chartered Surveyors
856 _uhttps://www.rics.org/content/dam/ricsglobal/documents/reports/rics-cop28-policy-paper-hong-kong.pdf
_zAvailable free on RICS.org
942 _n0
999 _c121711
_d121711